00690nam a2200193 a 45000010005000000030009000050050017000140080041000310400038000720820020001102450094001302600069002243000024002935040041003176500018003586500031003767000037004077100052004448898BD-DhUAP20200204164302.0200204s1995 bg b 000 0 eng  aBD-DhUAPcBD-DhUAPbEngdBD-DhUAP00a341.481 HUM22300aHuman rights in contemporary international law /cedited by A.B.M. Mafizul Islam Patwari. aDhaka :bHumanist and Ethical Association of Bangladesh,cc1995. a324 pages ;c22 cm. aIncludes bibliographical references. 0aHuman rights. 0aCivil rights (Islamic law)1 aPatwari, A. B. M. Mafizul Islam.2 aHumanist and Ethical Association of Bangladesh.